Quick Pick: A Corn-y Quiz Stats

 Plays Quiz Updated Jul 29, 2017

Support Sporcle.
Go Orange.
Score 0/15 Timer 01:30
1 Play Today
% Correct
Corn dog
96.2%
Cornerback
92.3%
Cornrows
92.1%
Cornerstone
89.8%
Acorn
89.7%
Candy corn
88.9%
Corn syrup
88.1%
Corn Belt
85.8%
% Correct
Cornucopia
85.6%
Corned beef
85.4%
Cornhuskers
81.7%
Hot corner
81.5%
Tricorn
80.5%
Corn Palace
76.5%
Can of corn
66.7%

Today's Daily Dose

You're not logged in!

Compare scores with friends on all Sporcle quizzes.
OR
Log In
Forgot?

From the Vault

History Books: The Subtitles X

by MoMosMoProblems

Wait... Why would you need subtitles for your audiobook?
Remove Ads.
Support Sporcle.
Get the best of Sporcle when you Go Orange. This ad-free experience offers more features, more stats, and more fun while also helping to support Sporcle. Thank you for becoming a member.

Show Comments

Extras

Top Quizzes Today


Score Distribution

Your Account Isn't Verified!

In order to create a playlist on Sporcle, you need to verify the email address you used during registration. Go to your Sporcle Settings to finish the process.

Report this User

Report this user for behavior that violates our Community Guidelines.

Details: